00774nam a22002297a 450000500170000001000130001702000220003003500130005203700160006504000120008108200130009324500740010626000420018027000400022230000200026250000200028265000540030265000270035694200220038399900190040595201200042420170124110253.0 aA-410087 c00.00a8170963397 aA-410087 bCen Lib/Ret aDPLbEN a128bLIF aLife the great adventures :ba practical guide to the art of living / aNew Delhi bKalyani Publishers c1989 bNew Delhi a24, Dariyaganj e110002 a608p.c19cm(Hb) aIncludes index  aLiving of art -- Personality development 9100026 aEveryday life 9100027 2ddccENh128mLIF c136003d136003 00104070aLbLd2015-10-12eCen Lib/Retg0.00l0o128 LIFpA-410087r2015-10-12 00:00:00t1v0.00w2015-10-12yEN